LIBRARY & INFORMATION CENTRE, KCAET, TAVANUR

ONLINE PUBLIC ACCESS CATALOGUE (OPAC)

Normal view MARC view
  • GOPIKA GOPI

Entry Personal Name

Number of records used in: 1

001 - CONTROL NUMBER

  • control field: 5509

003 - CONTROL NUMBER IDENTIFIER

  • control field: OSt

005 - DATE AND TIME OF LATEST TRANSACTION

  • control field: 20230720115251.0

008 - FIXED-LENGTH DATA ELEMENTS

  • fixed length control field: 230720|| aca||aabn | a|a d

040 ## - CATALOGING SOURCE

  • Original cataloging agency: OSt
  • Transcribing agency: OSt

100 ## - HEADING--PERSONAL NAME

  • Personal name: GOPIKA GOPI
  • Personal name: MEERA KRISHNA P M
  • Personal name: NANDANA M
  • Personal name: FATHIMA SALEEKA
  • Personal name: ANNA ROSE SABU

670 ## - SOURCE DATA FOUND

  • Source citation: Work cat.: (OSt)17728: GOPIKA GOPI MEERA KRISHNA P M NANDANA M FATHIMA SALEEKA ANNA ROSE SABU, DEVELOPMENT AND EVALUATION OF JACKFRUIT BASED MEAT ANALOGUE BY EXTRUSION TECHNOLOGY , 2023
free website counter